000 00629nam a2200181Ia 4500
001 20465
005 20260306172808.0
008 260306t2012||||xx |||||||||||||| ||spa||
041 _aESP
082 _a343.28
_bD75
100 _aDieder, María Marta
_eAUT
245 0 _aEl principio de igualdad en las normas jurídicas:
_bestudio de la doctrina de la Corte Suprema de Argentina y su vinculación con los estándares de constitucionalidad de la jurisprudencia de la Corte Suprema de los Estados Unidos
260 _c2012
300 _a383 páginas :
_c24 cm.
650 _aGEN
654 _aCDE
942 _cLIB
_dJUS
_fJUS
_2ddc
_n
999 _c20465
_d20465